000 00315nam a2200145 a 4500
005 20260322212036.0
008 data
092 _a360
100 1 _aEric Clapton
245 1 0 _a24 nights
_cEric Clapton.
260 _aMilwaukee, WI
_bHal Leonard
_c1998
300 _b2 Disks
650 0 _aRock music
_x1991-2000
001 data
999 _c830
_d830